| 000 | 00736nam a2200217 a 4500 | ||
|---|---|---|---|
| 999 |
_c5446 _d5446 |
||
| 001 | 5446 | ||
| 003 | BD-JhCC | ||
| 005 | 20220803134023.0 | ||
| 008 | 171214s20162017bg a|||| || | 000 0 ben d | ||
| 035 | _a(BD-JhCC)5446 | ||
| 040 |
_aBD-JhCC _dBD-JhCC |
||
| 041 | _aben | ||
| 082 |
_a570 _bBIO 2017 |
||
| 245 |
_aজীববিজ্ঞান দ্বিতীয় পত্র একাদশ-দ্বাদশ শ্রেণি / _cমাজেদা বেগম ... [et. all]. |
||
| 260 |
_aঢাকা : _bকাজল ব্রাদার্স লিমিটেড, _c2017. |
||
| 300 |
_a616 p. : _c24 cm. |
||
| 650 | _aBiology | ||
| 700 | _aবেগম, মাজেদা | ||
| 942 |
_2ddc _cBK _019 |
||